000 00502nam a22001577a 4500
003 NUST
082 _a200
100 _aIkram Mughal, Mehwish
_9123023
245 _aA Novel Approach to Breast Tumor Classification /
_c Mehwish Ikram Mughal
264 _aIslamabad,
_bSEECS NUST;
_c2024.
300 _a 93,p;
_bill;
_c30,cm.
650 _aMS-Computer Science
_926780
700 _aSupervisor:Dr. Arbab Latif
_9123054
856 _u http://10.250.8.41:8080/xmlui/handle/123456789/43423
942 _2ddc
_cTHE
999 _c609358
_d609358